Stadtteile Hamburgs Karten-Quiz - Statistiken

Allgemein
  • Dieses Quiz wurde 70 mal gespielt
  • Das Durchschnittsergebnis liegt bei 39 aus 104
Antworten auf der Karte
Die Antworten werden auf der Karte rot bzw. grün angezeigt, abhängig davon wie oft sie richtig erraten wurden.
 
Antwortstatistiken
Antwort % Korrekt
Altona-Altstadt
93%
Harburg
83%
Bergedorf
70%
Eimsbüttel
69%
Blankenese
67%
St. Pauli
67%
Wandsbek
67%
Stellingen
61%
Wilhelmsburg
61%
HafenCity
59%
Billstedt
56%
Eppendorf
56%
Hamm
56%
Poppenbüttel
52%
Neuwerk
48%
Niendorf
48%
Veddel
48%
Winterhude
48%
Altona-Nord
46%
Eidelstedt
46%
Fuhlsbüttel
46%
Hamburg-Altstadt
46%
St. Georg
46%
Uhlenhorst
46%
Horn
44%
Ohlsdorf
44%
Ottensen
44%
Rissen
44%
Bahrenfeld
43%
Finkenwerder
43%
Sternschanze
43%
Billwerder
41%
Neugraben-Fischbek
41%
Osdorf
41%
Rahlstedt
41%
Volksdorf
41%
Altengamme
39%
Barmbek-Süd
39%
Farmsen-Berne
39%
Lurup
39%
Neuengamme
39%
Othmarschen
39%
Allermöhe
37%
Barmbek-Nord
37%
Hammerbrook
37%
Jenfeld
37%
Langenhorn
37%
Moorfleet
37%
Neustadt
37%
Rothenburgsort
37%
Rotherbaum
37%
Tonndorf
37%
Alsterdorf
35%
Billbrook
35%
Heimfeld
35%
Hoheluft-West
35%
Schnelsen
35%
Cranz
33%
Duvenstedt
33%
Lokstedt
33%
Wellingsbüttel
33%
Groß Flottbek
31%
Harvestehude
31%
Hummelsbüttel
31%
Lohbrügge
31%
Nienstedten
31%
Sasel
31%
Wohldorf-Ohlstedt
31%
Bramfeld
30%
Hoheluft-Ost
30%
Eißendorf
28%
Iserbrook
28%
Marienthal
28%
Sülldorf
28%
Curslack
26%
Eilbek
26%
Groß Borstel
26%
Hausbruch
26%
Kirchwerder
26%
Marmstorf
26%
Steinwerder
26%
Waltershof
26%
Kleiner Grasbrook
24%
Moorburg
24%
Neuallermöhe
24%
Reitbrook
24%
Rönneburg
24%
Sinstorf
24%
Steilshoop
24%
Bergstedt
22%
Francop
22%
Lemsahl-Meillingstedt
22%
Neuenfelde
22%
Tatenberg
22%
Altenwerder
20%
Borgfelde
20%
Neuland
20%
Ochsenwerder
20%
Spadenland
20%
Gut Moor
19%
Hohenfelde
19%
Wilstorf
19%
Dulsberg
17%
Langenbek
17%
Keine übereinstimmenden Quizze gefunden
Verteilung der Resultate
Anzahl Personen mit jedem Resultat
Perzentil nach korrekt beantworteten Fragen
Ihre Resultats-Entwicklung
Sie haben dieses Quiz noch nicht gespielt